01954 2200361 4500001002100000005001500021035002000036007000300056008004100059020001800100082001400118084002000132100003600152245017600188250002000364300003900384700003000423700002600453700002600479502080800505600003101313600002301344600002801367264004301395336002101438337003001459338002301489990001601512990001601528990001601544990001601560990001601576INLIS00000000000028820260430020756 a0010-0426000287ta260430 b 0 ind  a9786231355720 a306.09598 a306.09598 WIL s0 aWilujeng Aji PermanaePengarang1 aSerial ragam pesona Nusantara Bangka Belitung : aku suka oleh-oleh dari Bangka Belitung /cWilujeng Aji Permana, Dian Mardianto;, Editor, Tim hikam;, Ilustrator, Tim hikam aCetakan Pertama a32 halaman :bilustrasi ;c23,5 cm0 aDian MardiantoePengarang0 aTim hikamePenyunting0 aTim hikameIlustrator aDewasa ini kesadaran dari putra-putri komponen anak bangsa mulai terkikis dan teralihkan ke visual digital pesawat genggam, budaya dan alam Nusantara yang seharusnya dilestarikan dan dijaga, menunjukkan indikasi ke arah yang semakin menurun. Bangsa Indonesia merupakan negara dengan beragam budaya dan kekayaan alam, budaya-budaya lokal yang ada di Nusantara muncul dan eksis terlebih dulu, sedangkan budaya bangsa muncul setelahnya. Kekayaan budaya dan Alam Nusantara ini menjadi situs budaya leluhur yang bernilai tinggi dan wajib diwariskan ke setiap generasi Bangsa. Dengan demikian, sudah seharusnya sebagai generasi Bangsa wajib menjaga dan melestraikannya supaya Budaya dan Alam Nusantara tersebut menjadi situs turun temurun bagi Bangsa ini. semoga menginspirasi bagi kita semua, salam literasi. 4aKebudayaan Bangka Belitung 4aBacaan kanak-kanak 4aMakanan Bangka Belitung aYogyakarta :bHikam media utama,c2023 2rdacontentaTeks 2rdamediaaTanpa Perantara 2rdacarrieraVolume aAT000536/25 aNM000596/25 aPT000877/25 aPP000948/25 aPP000961/25